• 首页
  • 本馆介绍
  • 公告通知
  • 最新文献
  • 馆藏检索
  • 电子资源
  • 读者导购
  • 参考咨询
  • 我的图书馆
  • 登录
  • 详细信息显示
  • 放入我的书架
  • 预约/预借图书
  • 作者相关作品
  • 分类相关作品
  • 丛书相关作品
  • 出版社相关作品

书目信息

  • 表格格式
  • 工作单格式
  • 卡片格式
题名:
李煜
    
 
作者: 墨兰 著
分册:  
出版信息: 哈尔滨   北方文艺出版社  2019.3
页数: 205页
开本: 24cm
丛书名: 走近诗词品人生系列
单 册:
中图分类: K827=432 , I207.23
科图分类:
主题词:
电子资源:
ISBN: 978-7-5317-4383-5
000 01038oam2 2200289 450
001 2158040884
005 20211011172911.0
010    @a978-7-5317-4383-5@dCNY36.00
100    @a20190328d2019 em y0chiy50 ea
101 0  @achi
102    @aCN@b230000
105    @ay z 000gd
106    @ar
200 1  @a李煜@Ali yu@e血泪凝成春水流@f墨兰著
210    @a哈尔滨@c北方文艺出版社@d2019.3
215    @a205页@d24cm
225 2  @a走近诗词品人生系列@Azou jin shi ci pin ren sheng xi lie
330    @a本书通过对李煜作品的解读,使读者感到无边的愁结笼罩下的李煜本人,也笼罩着千年后的我们。全书共四章,包括:人间没个安排处;一曲清歌,暂引樱桃破;故国梦重归,觉来双泪垂等。
461  0 @12001 @a走近诗词品人生系列
517 1  @a血泪凝成春水流@Axue lei ning cheng chun shui liu
600  0 @a李煜,@Ali yu ,@f937-978@x传记
600  0 @a李煜,@Ali yu ,@f937-978@x词(文学)@x诗歌欣赏
690    @aK827=432@v5
690    @aI207.23@v5
701  0 @a墨兰@Amo lan@4著
801  0 @aCN@b百万庄@c20211007
905    @b1307105-08@dK827=432@e1063@f4
    
    李煜:血泪凝成春水流/墨兰著.-哈尔滨:北方文艺出版社,2019.3
    205页;24cm.-(走近诗词品人生系列)
    
    
    ISBN 978-7-5317-4383-5:CNY36.00
    本书通过对李煜作品的解读,使读者感到无边的愁结笼罩下的李煜本人,也笼罩着千年后的我们。全书共四章,包括:人间没个安排处;一曲清歌,暂引樱桃破;故国梦重归,觉来双泪垂等。
●
相关链接 在E读中查询图书 在五车中查询图书 在当当中查询图书 在豆瓣中查询图书


正题名:李煜     索取号:K827=432/1063         预约/预借

序号 登录号 条形码 馆藏地/架位号 状态 备注
1 1307105   213071058   第二样本阅览室/ [索取号:K827=432/1063] 在馆    
2 1307106   213071067   第二借阅区/ [索取号:K827=432/1063] 在馆    
3 1307107   213071076   第二借阅区/ [索取号:K827=432/1063] 在馆    
4 1307108   213071085   第二借阅区/ [索取号:K827=432/1063] 在馆    
唐山师范学院图书馆 欢迎您!
大连网信软件有限公司© 版权所有